000 01091cam a2200337 i 4500
001 vtls000753034
003 PNM
005 20221218115841.0
008 160506s2014 my g 000 f may
015 _aM14-15254
020 _a9789675289323
_qpaperback
_cRM00.00
039 9 _a202112310815
_banis_o
_c202112271158
_dzainura
_c201605061037
_dVLOAD
_c201604260912
_dVLOAD
040 _aBNM
_beng
_cBNM
_dBNM
_dPPAK
_erda
049 _amal
082 0 4 _a899.2333
_223
090 0 0 _a899.2333
_bSOP
_dG
100 0 _aSophilea,
_d1981-
_eauthor.
245 1 0 _aNota Buat Cempaka /
_cSOPHILEA
264 1 _aJohor Bahru, Johor :
_bIntens Idea International Sdn Bhd,
_c2014
300 _a674 pages ;
_c19 cm
336 _atext
_2rdacontent
337 _aunmediated
_2rdamedia
338 _avolume
_2rdacarrier
530 _aAlso available in online version
650 1 0 _aMalaysian fiction (Malay)
650 2 0 _aMalay fiction
776 1 8 _iReproduced as (manifestation):
_aSophilea, 1981-
_tNota Buat Cempaka
_w(PNM)000939402
942 _2ddc
_cB
949 _62000218714
949 _62000218715
999 _c189471
_d189471